UM Logo
Normal view MARC view
  • Wildlife Conservation.

Entry Topical Term

Number of records used in: 1

001 - CONTROL NUMBER

  • control field: 46943

003 - CONTROL NUMBER IDENTIFIER

  • control field: OSt

005 - DATE AND TIME OF LATEST TRANSACTION

  • control field: 20221205145728.0

008 - FIXED-LENGTH DATA ELEMENTS

  • fixed length control field: 221205|| aca||aabn | a|a d

040 ## - CATALOGING SOURCE

  • Original cataloging agency: OSt
  • Transcribing agency: OSt

150 ## - HEADING--TOPICAL TERM

  • Topical term or geographic name entry element: Wildlife Conservation.

670 ## - SOURCE DATA FOUND

  • Source citation: Work cat.: (OSt): Llemit, Ralph Lawrence G. 46942, Philippine eagles in Singapore, still adjusting to environment / , March 2, 2020.